Normal view MARC view

Entry Personal Name

Number of records used in: 2

001 - CONTROL NUMBER

  • control field: 84474

003 - CONTROL NUMBER IDENTIFIER

  • control field: dpl

005 - DATE AND TIME OF LATEST TRANSACTION

  • control field: 20250902120349.0

008 - FIXED-LENGTH DATA ELEMENTS

  • fixed length control field: 250902|| aca||aabn | a|a d

040 ## - CATALOGING SOURCE

  • Original cataloging agency: dpl
  • Transcribing agency: dpl

100 ## - HEADING--PERSONAL NAME

  • Personal name: भवालकर, स्मिता

670 ## - SOURCE DATA FOUND

  • Source citation: Work cat.: (dpl)213231: शर्मा, शिवमूर्ति 84473, हिंदी शिक्षण विधियाँ /, 2023

© Delhi Public Library
Hit Counter
free hit counter